000 00673nam a22002297a 4500
003 OSt
005 20220107122736.0
008 140417b xxu||||| |||| 00| 0 eng d
020 _a9788131791929
040 _cIIITM-K
082 _a651.73 KLI/S
100 _aKline, John A
_94088
245 _aSpeaking effectively:
_bAchieving excellence in presentations
_cby John A Kline; Bhavana Bhalla
260 _aNew Delhi,
_bPearson,
_c2013.
300 _axiii, 202p.
650 _aMANAGEMENT
_94089
650 _aBUSINESS COMMUNICATION
_94090
650 _aPUBLIC SPEAKING
_94091
650 _aPRESENTATION SKILLS
_94092
700 _aBhalla, Bhavana
_94093
942 _2ddc
_cBK
999 _c3837
_d3837